Granada en 1936 y el asesinato de Federico García Lorca.

Сохранить в:
Библиографические подробности
Главный автор: Gibson, Ian (autor)
Формат:
Язык:английский
Опубликовано: Barcelona, España: Crítica, 1980.
Редактирование:5a. edición.
Предметы:
Метки: Добавить метку
Нет меток, Требуется 1-ая метка записи!

MARC

LEADER 00000nam a22000007a 4500
003 CL-VaPUC
005 20241121122750.0
008 241113t1980 ||||| |||| 00| 0 eng d
999 |c 445677  |d 445675 
020 |a 84-7423-088-8 
040 |c Pontificia Universidad Católica de Valparaíso 
082 |2 22  |a 928.61 GIN 1980 
100 |9 736860  |a Gibson, Ian  |e autor 
245 |a Granada en 1936 y el asesinato de Federico García Lorca. 
250 |a 5a. edición. 
260 |a Barcelona, España:  |b Crítica,  |c 1980. 
300 |a 380 páginas. 
500 |a c.1 Donación. Memo EDU. 12-11-2024. 
583 |c 20241113  |k Yessy Sthefany Diaz Vidal 
600 0 |9 737187  |a García Lorca, Federico,   |d 1898-1936  |x Poeta y dramaturgo español  |v Biografías 
650 0 |9 306261  |a Literatura española  |x Escritores  |y Siglo 20 
650 0 |9 856364  |a Guerra civil española  |x Asesinatos  |y 1936-1939 
942 |2 ddc  |c BK 
952 |0 0  |1 0  |2 ddc  |4 0  |6 928_610000000000000_GIN_1980  |7 0  |8 A  |9 597984  |a BIBEDU  |b BIBEDU  |d 2024-11-13  |e Donación   |i 5663216  |o 928.61 GIN 1980  |p 5663216  |r 2024-11-13  |t 1  |w 2024-11-13  |y BK  |k EDU